Brane Roit Quaz - Statistics

General Stats
  • This quiz has been taken 18 times
  • The average score is 8 of 11
Answer Stats
Hint Answer % Correct
charisma rizz
100%
bathroom guy skibidi toilet
100%
wacky hair cut low taper fade
90%
How Logan Paul likes his cheese drippy | moldy
80%
Chad jawline mew
80%
bottom gyatt
70%
cool and self sufficient sigma
70%
stealing food fanum tax
60%
uncool beta
50%
brain rot state ohio
50%
beverage of brain rot prime
50%
No matching quizzes found
Score Distribution
Percent of People with Each Score
Percentile by Number Answered
Your Score History
You have not taken this quiz